|
|
|
|
| LEADER |
00000nam a2200000 a 4500 |
| 001 |
vtls001426106 |
| 003 |
SK-MaSNL |
| 005 |
20260426011507.0 |
| 008 |
240318s1999 xo a 0 00 slo |
| 015 |
|
|
|a SNBD2014
|
| 035 |
|
|
|a SNK000381035
|
| 040 |
|
|
|a SNK
|b slo
|c SNK
|e AACR2
|
| 041 |
|
|
|a slo
|
| 043 |
|
|
|a e-xo---
|
| 044 |
|
|
|a xo
|c SK
|
| 072 |
|
7 |
|a 024
|x Služby knižníc
|2 konspekt
|
| 072 |
|
7 |
|a 336.1/.5
|x Verejné financie
|2 konspekt
|
| 080 |
|
|
|a 024.5/.6
|2 2001
|
| 080 |
|
|
|a (043)378.2
|2 2001
|
| 080 |
|
|
|a (437.6)
|2 2001
|
| 080 |
|
|
|a 336.23
|2 2001
|
| 080 |
|
|
|a 027.3
|2 2001
|
| 100 |
1 |
|
|a Toševová, Alena
|4 aut
|9 688330
|
| 245 |
1 |
0 |
|a Problematika finančných úhrad za knižnično-informačné služby
|b diplomová práca
|c školiteľ: Marta Matthaeidesová ; diplomant: Alena Toševová
|
| 260 |
|
|
|a Bratislava
|b Filozofická fakulta Univerzity Komenského, Katedra knižničnej a informačnej vedy
|c 1999
|
| 300 |
|
|
|a 96 s., [10] s. príl.
|b tab.
|c 30 cm
|
| 500 |
|
|
|a Školiteľ diplomovej práce prebraný z abstraktu
|
| 502 |
|
|
|a Diplomová práca (Mgr.). - Univerzita Komenského (Bratislava, Slovensko). Filozofická fakulta. Katedra knihovníctva a vedeckých informácií
|
| 504 |
|
|
|a Obsahuje zoznam použ. lit.
|
| 650 |
0 |
7 |
|a knižničné služby
|2 SNKPH
|9 64475
|
| 650 |
0 |
7 |
|a Library services
|2 SNKPHeng
|9 302780
|
| 650 |
0 |
7 |
|a poplatky
|2 SNKPH
|9 2335
|
| 650 |
0 |
7 |
|a Fees
|2 SNKPHeng
|9 348493
|
| 651 |
|
7 |
|a Slovensko
|2 SNKPH
|9 14231
|
| 651 |
|
7 |
|a Slovakia
|2 SNKPHeng
|9 92630
|
| 655 |
|
7 |
|a diplomové práce
|2 SNKPH
|9 70156
|
| 655 |
|
7 |
|a Master's theses
|2 SNKPHeng
|9 289089
|
| 700 |
1 |
|
|a Matthaeidesová, Marta,
|d 1948-
|4 ths
|9 105943
|
| 710 |
2 |
|
|a Univerzita Komenského v Bratislave.
|b Filozofická fakulta.
|b Katedra knihovníctva a vedeckých informácií
|4 dgg
|9 179489
|
| 958 |
|
|
|a KL
|
| 958 |
|
|
|a NB
|
| 999 |
|
|
|c 1070549
|d 1072479
|
| 952 |
|
|
|a SNK
|b SNK
|y PREZ
|7 0
|p 17A0152878
|o snkDIP 614
|i snk2013/25293
|8 5
|0 0
|1 0
|4 0
|d 2001-12-18
|l 0
|r 2005-01-02 00:00:00
|w 2026-02-24
|